Palabras del Lic. W. Jiménez C. en ocasión de la inauguración del semiario sobre los censos nacionales de 1983
Guardado en:
| Autor principal: | |
|---|---|
| Formato: | Texto |
| Publicado: |
San José:
ADEC
|
| Etiquetas: |
Agregar Etiqueta
Sin Etiquetas, Sea el primero en etiquetar este registro!
|
MARC
| LEADER | 00000 a a2200000 04500 | ||
|---|---|---|---|
| 001 | 14407 | ||
| 003 | |||
| 040 | |a CRAI/IIS |c CRAI/IIS | ||
| 090 | |a 022400 | ||
| 100 | |a Jiménez Castro, Wilburg | ||
| 245 | |a Palabras del Lic. W. Jiménez C. en ocasión de la inauguración del semiario sobre los censos nacionales de 1983 | ||
| 260 | |a San José: |b ADEC | ||
| 300 | |a 5 p. | ||
| 999 | |c 14440 |d 14440 | ||
